Statistiques concernant Les pays d'Europe par ordre alphabétique

Cliquez ici pour prendre le quiz!

Statistiques générales

  • Ce quiz a été pris 80 fois
  • Le résultat moyen est 37 sur 46

Statistiques - réponses

HintRéponse% Correct
AAlbanie
95%
BBelgique
94%
FFinlande
94%
FFrance
94%
AAndorre
92%
HHongrie
92%
AAllemagne
91%
AAutriche
91%
BBulgarie
89%
DDanemark
89%
EEspagne
89%
KKosovo
89%
LLettonie
89%
BBiélorussie
88%
EEstonie
88%
LLituanie
88%
IIrlande
86%
GGrèce
84%
IIslande
84%
IItalie
84%
MMacédoine du nord
83%
VVatican
83%
CCroatie
81%
LLuxembourg
81%
LLiechtenstein
78%
PPologne
78%
PPortugal
78%
UUkraine
78%
BBosnie-Herzégovine
77%
RRussie
77%
SSlovaquie
77%
SSuède
77%
NNorvège
75%
SSlovénie
75%
MMonaco
73%
RRoumanie
73%
MMalte
72%
RRépublique Tchèque
72%
SSuisse
72%
MMoldavie
70%
MMonténégro
70%
PPays-Bas
69%
SSerbie
69%
CChypre
67%
SSaint-Marin
64%
RRoyaume-Uni
59%

Distribution des résultats

Percentile par nombre de réponses

% des personnes avec chaque résultat

Votre développement - résultats

Vous n’avez pas pris ce quiz